Управление температурными полями объектов с распределёнными параметрами; Известия Томского политехнического университета [Известия ТПУ]; Т. 314, № 4: Энергетика
| Parent link: | Известия Томского политехнического университета [Известия ТПУ]/ Томский политехнический университет (ТПУ).— , 2000- Т. 314, № 4: Энергетика.— 2009.— [С. 24-27] |
|---|---|
| Main Author: | |
| Summary: | Заглавие с титульного листа Электронная версия печатной публикации Проведено исследование нелинейной системы управления температурным полем. Рассмотрен процесс формирования температурного поля под воздействием тепловых источников, включение которых осуществляется с помощью релейных элементов. Проводится анализ влияния источников в зависимости от их координат и времени включения. Приведена оценка отклонения температуры от заданного значения. Предложена методика оценки шага дискретизации распределённого управляющего воздействия. Исследование проводится на основе метода функций Грина. |
| Language: | Russian |
| Published: |
2009
|
| Series: | Энергетика |
| Subjects: | |
| Online Access: | http://www.lib.tpu.ru/fulltext/v/Bulletin_TPU/2009/v314/i4/06.pdf |
| Format: | MixedMaterials Electronic Book Chapter |
| KOHA link: | https://koha.lib.tpu.ru/cgi-bin/koha/opac-detail.pl?biblionumber=175212 |
MARC
| LEADER | 00000nla2a2200000 4500 | ||
|---|---|---|---|
| 001 | 175212 | ||
| 005 | 20231031165022.0 | ||
| 035 | |a (RuTPU)RU\TPU\book\189979 | ||
| 035 | |a RU\TPU\book\189975 | ||
| 090 | |a 175212 | ||
| 100 | |a 20100210d2009 k y0rusy50 ca | ||
| 101 | 0 | |a rus | |
| 102 | |a RU | ||
| 135 | |a drnn ---uucaa | ||
| 181 | 0 | |a i | |
| 182 | 0 | |a b | |
| 200 | 1 | |a Управление температурными полями объектов с распределёнными параметрами |b Электронный ресурс |f А. Б. Чернышев | |
| 203 | |a Текст |c электронный | ||
| 215 | |a 1 файл (306 Кб) | ||
| 225 | 1 | |a Энергетика | |
| 230 | |a Электронные текстовые данные (1 файл : 306 Кб) | ||
| 300 | |a Заглавие с титульного листа | ||
| 300 | |a Электронная версия печатной публикации | ||
| 320 | |a [Библиогр.: с. 27 (4 назв.)] | ||
| 330 | |a Проведено исследование нелинейной системы управления температурным полем. Рассмотрен процесс формирования температурного поля под воздействием тепловых источников, включение которых осуществляется с помощью релейных элементов. Проводится анализ влияния источников в зависимости от их координат и времени включения. Приведена оценка отклонения температуры от заданного значения. Предложена методика оценки шага дискретизации распределённого управляющего воздействия. Исследование проводится на основе метода функций Грина. | ||
| 337 | |a Adobe Reader | ||
| 461 | 1 | |0 (RuTPU)RU\TPU\book\176237 |t Известия Томского политехнического университета [Известия ТПУ] |f Томский политехнический университет (ТПУ) |d 2000- | |
| 463 | 1 | |0 (RuTPU)RU\TPU\book\189963 |t Т. 314, № 4: Энергетика |v [С. 24-27] |d 2009 |p 169 с. | |
| 610 | 1 | |a температурное поле | |
| 610 | 1 | |a управляющие воздействия | |
| 610 | 1 | |a секционный нагреватель | |
| 610 | 1 | |a шаг дискретизации | |
| 610 | 1 | |a функция Грина | |
| 610 | 1 | |a электронный ресурс | |
| 700 | 1 | |a Чернышев |b А. Б. | |
| 801 | 1 | |a RU |b 63413507 |c 20090623 |g PSBO | |
| 801 | 2 | |a RU |b 63413507 |c 20211210 |g PSBO | |
| 856 | 4 | |u http://www.lib.tpu.ru/fulltext/v/Bulletin_TPU/2009/v314/i4/06.pdf | |
| 942 | |c CF | ||